| 000 | 00515cam a2200193 a 4500 | ||
|---|---|---|---|
| 001 | 000002736 | ||
| 005 | 20240510073816.0 | ||
| 008 | 791105s1976 ve 000 0 spa | ||
| 020 | _cBs12.00 | ||
| 040 |
_aDO-SdBNP _cDLC _dDLC |
||
| 082 |
_a100 _bM975f |
||
| 100 | 1 |
_aMurena, H. A. _98619 |
|
| 245 | 1 | 0 |
_aFolisofía / _cH. A. Murena. |
| 260 |
_aCaracas : _bMonte Avila, _c1976. |
||
| 300 |
_a129 p. ; _c17 cm. |
||
| 440 | 0 |
_aContinentes _95341 |
|
| 650 | 0 |
_aFilosofía _9813 |
|
| 910 | _aCatalogación por copia / LC | ||
| 999 |
_c2570 _d2570 |
||